00350nam a2200109Ia 4500008004100000041000800041100002200049245009100071260003500162300000900197700003400206250110s9999 xx 000 0 und d aeng aWasunkar Priyanka aAuro Vrtta : A School For Creative Exploration And Teaching In Architecture And Desing bFinal Year B. Arch, BNCAc2014 a110p aGuide Name:Nivasarkar Sandhya